000
00236 a2200097 4500
001
6426
100
_a
Karandeyev, K
245
_a
Bridge and Potentiometer methods of Electrical Measurement
260
_a
_b
Peace
_c
090
_c
5286
_d
5286
942
_a
NUST-CAE
_c
M
_c
31696
999
_c
241499
_d
241499